| 000 | 00766nam a2200217Ia 4500 | ||
|---|---|---|---|
| 003 | GCL | ||
| 008 | 140319s9999 xx 000 0 ara d | ||
| 040 |
_aGCL / _cGCL |
||
| 082 | 0 | 4 |
_aق _b759.06 _bث م |
| 100 | 1 | _aثروت عكاشة | |
| 245 | 1 | 0 |
_aمصر فى عيون الغرباء : _bمن الرحلات والفنانين والادباء ( القرن التاسع عشر ) / _cثروت عكاشة |
| 250 | _aالثانية | ||
| 260 |
_aالقاهرة : _bدار الشروق ، _c2003 |
||
| 300 |
_a2 مج ؛ _c32 سم |
||
| 650 | 0 | 4 | _aالفنانون المصريون |
| 650 | 0 | 4 | _aالفن المصرى |
| 650 | 0 | 4 | _aاللوحات |
| 650 | 0 | 4 | _aالرحالة الاوربيون |
| 650 | 0 | 4 | _aاللوحات - مجموعات |
| 942 |
_2ddc _cBK |
||
| 999 |
_c56809 _d56809 |
||